President against the Raj : (Record no. 138101)

MARC details
000 -LEADER
fixed length control field 00621nam a22001937a 4500
005 - DATE AND TIME OF LATEST TRANSACTION
control field 20170307160750.0
010 ## - LCCN (DPL NO)
LC control number ENG-117423
020 ## - INTERNATIONAL STANDARD BOOK NUMBER
International Standard Book Number 9789382623007
Terms of availability 500.00
035 ## - SYSTEM CONTROL NUMBER
System control number EN-100955
037 ## - SOURCE OF ACQUISITION
Source of stock number/acquisition DBAD/PUB
082 ## - DEWEY DECIMAL CLASSIFICATION NUMBER
Classification number 079.54
100 ## - MAIN ENTRY--PERSONAL NAME
Personal name Choudhuri jayanta
245 ## - TITLE STATEMENT
Title President against the Raj :
Statement of responsibility, etc by Jayanta Choudhuri
Remainder of title Netaji Subhas Chanddra bose as a journalist and mass commumicator /
260 ## - PUBLICATION, DISTRIBUTION, ETC. (IMPRINT)
Place of publication, distribution, etc Kolata
Name of publisher, distributor, etc Readers service
Date of publication, distribution, etc 2013
270 ## - ADDRESS
Address 59/5A Garfa Main Road,
City Kolkata
Postal code 700004
300 ## - PHYSICAL DESCRIPTION
Extent 172p.
Dimensions 21cm(pbk)
500 ## - GENERAL NOTE
General note Incules Index
942 ## - ADDED ENTRY ELEMENTS (KOHA)
Source of classification or shelving scheme Dewey Decimal Classification
Item type English Books
Call number suffix CHO
Classification part 079.54
Holdings
Withdrawn status Lost status Not for loan Collection code Home library Current library Date acquired Source of acquisition Cost, normal purchase price Full call number Barcode Copy number Cost, replacement price Koha item type
    Not For Loan Non-fiction D.B.Act.Division Bawana 07/03/2017 DBAD/ PUB 500.00 079.54 CHO EN-100955 1 500.00 English Books

© Delhi Public Library
Hit Counter
free hit counter